[Event "XtraCon-Skakligaen"]
[Site "Denmark"]
[Date "2012.01.14"]
[Round "4.1"]
[White "Kristiansen, Jens"]
[Black "Matthiesen, Arne"]
[Result "0-1"]
[WhiteElo "2439"]
[BlackElo "2316"]
[PlyCount "112"]
[EventDate "2011.10.29"]
[EventType "team-tourn"]
[EventRounds "9"]
[WhiteTeam "BMS"]
[BlackTeam "SK1968"]
[WhiteTeamCountry "DEN"]
[BlackTeamCountry "DEN"]

1. e4 c5 2. d3 Nc6 3. g3 g6 4. Bg2 Bg7 5. f4 d6 6. Nf3 e6 7. O-O Nge7 8. c3 O-O
9. Be3 b6 10. d4 Bb7 11. Nbd2 cxd4 12. cxd4 Qd7 13. Re1 Rac8 14. a3 Rc7 15. Bf1
Nb8 16. Bd3 Ba6 17. Nb1 Bxd3 18. Qxd3 d5 19. e5 Qa4 20. Nc3 Qc4 21. Qd1 Rfc8
22. Rc1 Qa6 23. g4 Nbc6 24. Bf2 Bh6 25. Ne2 Na5 26. Rxc7 Rxc7 27. Bh4 Qb5 28.
Bxe7 Rxe7 29. b4 Nc4 30. Nc3 Qa6 31. g5 Bf8 32. a4 Nb2 33. Qd2 Qd3 34. Qxb2
Qxf3 35. Qd2 Rc7 36. Nb5 Rc4 37. Nd6 Qg4+ 38. Kh1 Qf3+ 39. Kg1 Rc3 40. Rc1 Qg4+
41. Kh1 Qf3+ 42. Kg1 Rd3 43. Qf2 Rd1+ 44. Rxd1 Qxd1+ 45. Kg2 Qxa4 46. f5 gxf5
47. b5 Qd1 48. h3 Be7 49. Qf4 Qe2+ 50. Kg1 Qh5 51. h4 h6 52. gxh6 Bxh4 53. Nc8
Bg5 54. Qg3 f4 55. Qc3 Qg4+ 56. Kf1 f3 0-1

[Event "XtraCon-Skakligaen"]
[Site "Denmark"]
[Date "2012.01.14"]
[Round "4.2"]
[White "Rewitz, Poul"]
[Black "Mikkelsen, Nikolaj"]
[Result "1/2-1/2"]
[WhiteElo "2298"]
[BlackElo "2384"]
[PlyCount "72"]
[EventDate "2011.10.29"]
[EventType "team-tourn"]
[EventRounds "9"]
[WhiteTeam "SK1968"]
[BlackTeam "BMS"]
[WhiteTeamCountry "DEN"]
[BlackTeamCountry "DEN"]

1. b3 e5 2. Bb2 Nc6 3. e3 Nf6 4. Nf3 e4 5. Nd4 Nxd4 6. Bxd4 d5 7. Bb2 Bd6 8. d3
O-O 9. Nd2 Bg4 10. Be2 Bxe2 11. Qxe2 Qe7 12. O-O Be5 13. Bxe5 Qxe5 14. dxe4
dxe4 15. Nc4 Qe6 16. a4 b6 17. Rfd1 Rfd8 18. Rxd8+ Rxd8 19. Rd1 Rd5 20. Rxd5
Nxd5 21. Qd2 h6 22. Qd4 f5 23. Kf1 a6 24. Ke1 b5 25. Qe5 Qc6 26. Na5 Qc5 27.
Qe6+ Kh8 28. Qc8+ Kh7 29. Qxf5+ Kh8 30. c4 Qb4+ 31. Kf1 Nf6 32. Qc8+ Kh7 33.
Qf5+ Kh8 34. Qc8+ Kh7 35. Qf5+ Kh8 36. Qc8+ Kh7 1/2-1/2

[Event "XtraCon-Skakligaen"]
[Site "Denmark"]
[Date "2012.01.14"]
[Round "4.3"]
[White "Akdag, Dara Sevkan"]
[Black "Matthiesen, Martin"]
[Result "1-0"]
[WhiteElo "2218"]
[BlackElo "2277"]
[PlyCount "67"]
[EventDate "2011.10.29"]
[EventType "team-tourn"]
[EventRounds "9"]
[WhiteTeam "BMS"]
[BlackTeam "SK1968"]
[WhiteTeamCountry "DEN"]
[BlackTeamCountry "DEN"]

1. d4 Nf6 2. c4 e6 3. Nf3 b6 4. g3 Ba6 5. Qc2 Bb4+ 6. Nbd2 Bb7 7. Bg2 Be4 8.
Qb3 Bxd2+ 9. Bxd2 O-O 10. O-O d6 11. Rad1 Nbd7 12. Bg5 h6 13. Bc1 Qe7 14. Bh3
c5 15. d5 exd5 16. cxd5 Ne5 17. Nh4 Qb7 18. Nf5 Qc7 19. f3 c4 20. Qc3 Nxd5 21.
Rxd5 Bxd5 22. f4 Be6 23. fxe5 dxe5 24. Qf3 Rad8 25. Be3 b5 26. Bg2 f6 27. Qg4
Kh8 28. Be4 Bd5 29. Bb1 Rfe8 30. Qh4 Kg8 31. Nxg7 Qxg7 32. Bxh6 Qd7 33. Rxf6
Bf7 34. Qg5+ 1-0

[Event "XtraCon-Skakligaen"]
[Site "Denmark"]
[Date "2012.01.14"]
[Round "4.4"]
[White "Lindfeldt, Jan Magnus"]
[Black "Nielsen, Thomas Bach"]
[Result "1-0"]
[WhiteElo "2246"]
[BlackElo "2219"]
[PlyCount "109"]
[EventDate "2011.10.29"]
[EventType "team-tourn"]
[EventRounds "9"]
[WhiteTeam "SK1968"]
[BlackTeam "BMS"]
[WhiteTeamCountry "DEN"]
[BlackTeamCountry "DEN"]

1. e4 c6 2. d4 d5 3. Nd2 dxe4 4. Nxe4 Bf5 5. Ng3 Bg6 6. h4 h6 7. Nf3 Nd7 8. h5
Bh7 9. Bd3 Bxd3 10. Qxd3 e6 11. Bd2 Ngf6 12. O-O-O Be7 13. Ne4 Nxe4 14. Qxe4
Nf6 15. Qd3 Qd5 16. c4 Qe4 17. Qb3 Rb8 18. Rde1 Qf5 19. Ne5 O-O 20. f3 Rfd8 21.
g4 Qh7 22. Ba5 Rxd4 23. Nxc6 Rxc4+ 24. Qxc4 bxc6 25. Rd1 Nd5 26. Qd3 Bg5+ 27.
Kb1 Bf6 28. Qxh7+ Kxh7 29. b3 Rb5 30. Be1 a5 31. Rd3 c5 32. a4 Rb7 33. Kc2 Nb4+
34. Bxb4 Rxb4 35. Rd7 c4 36. Rb1 cxb3+ 37. Rxb3 Rxa4 38. Rxf7 Rf4 39. Rb8 Be5
40. Rxf4 Bxf4 41. Rf8 Bd6 42. Re8 e5 43. Ra8 Bb4 44. Kd3 Be1 45. Ke4 Bc3 46.
Kf5 Bb4 47. Ke6 Bc3 48. Kf7 Bb4 49. Rg8 a4 50. Rxg7+ Kh8 51. Kg6 a3 52. Rb7 Bf8
53. Rb8 Kg8 54. Ra8 e4 55. fxe4 1-0

[Event "XtraCon-Skakligaen"]
[Site "Denmark"]
[Date "2012.01.14"]
[Round "4.5"]
[White "Rostgaard, Tobias Valentin"]
[Black "Hansen, Lars"]
[Result "1/2-1/2"]
[WhiteElo "2198"]
[BlackElo "2245"]
[PlyCount "78"]
[EventDate "2011.10.29"]
[EventType "team-tourn"]
[EventRounds "9"]
[WhiteTeam "BMS"]
[BlackTeam "SK1968"]
[WhiteTeamCountry "DEN"]
[BlackTeamCountry "DEN"]

1. d4 d5 2. Nf3 Nf6 3. c4 dxc4 4. e3 e6 5. Bxc4 c5 6. O-O a6 7. Bb3 b5 8. a4 b4
9. e4 Bb7 10. e5 Ne4 11. Nbd2 Nxd2 12. Bxd2 cxd4 13. Bg5 Be7 14. Bxe7 Qxe7 15.
Rc1 Nc6 16. Nxd4 Nxd4 17. Qxd4 Qg5 18. g3 O-O 19. f4 Qg4 20. Bd1 Qh3 21. Bf3
Bxf3 22. Rxf3 Rac8 23. Rff1 h5 24. Qxb4 h4 25. Rxc8 Rxc8 26. Qb7 Rc4 27. Qxa6
hxg3 28. Qa8+ Kh7 29. Qg2 gxh2+ 30. Qxh2 Qxh2+ 31. Kxh2 Rxa4 32. Kg3 Rb4 33.
Rf2 Rb3+ 34. Kg4 Kg6 35. Rc2 f5+ 36. Kh4 Rb4 37. Kg3 Rb3+ 38. Kh4 Rb4 39. Kg3
Rb3+ 1/2-1/2

[Event "XtraCon-Skakligaen"]
[Site "Denmark"]
[Date "2012.01.14"]
[Round "4.6"]
[White "Bank, Pelle Rodkjaer"]
[Black "Pedersen, Sven"]
[Result "0-1"]
[WhiteElo "2241"]
[BlackElo "2139"]
[PlyCount "72"]
[EventDate "2011.10.29"]
[EventType "team-tourn"]
[EventRounds "9"]
[WhiteTeam "SK1968"]
[BlackTeam "BMS"]
[WhiteTeamCountry "DEN"]
[BlackTeamCountry "DEN"]

1. e4 c5 2. d3 e6 3. g3 d5 4. Nd2 Nc6 5. Bg2 Nf6 6. Ngf3 Be7 7. O-O O-O 8. Re1
Qc7 9. e5 Nd7 10. Qe2 b6 11. h4 Bb7 12. Nf1 Rac8 13. Bf4 Rfd8 14. c3 Nf8 15.
Ng5 h6 16. Nf3 b5 17. N1h2 d4 18. h5 c4 19. dxc4 d3 20. Qd2 Na5 21. b3 bxc4 22.
b4 Nc6 23. Ng4 Qd7 24. b5 Nb4 25. Bxh6 Nh7 26. Bxg7 Bxf3 27. Bxf3 Bg5 28. Qb2
d2 29. Nf6+ Nxf6 30. exf6 Nd3 31. h6 Nxb2 32. h7+ Kxh7 33. Re5 d1=Q+ 34. Rxd1
Qxd1+ 35. Bxd1 Rxd1+ 36. Kg2 Kg6 0-1

[Event "XtraCon-Skakligaen"]
[Site "Denmark"]
[Date "2012.01.14"]
[Round "4.7"]
[White "Brondt, Nicolai Kvist"]
[Black "Hansen, Bjarne"]
[Result "0-1"]
[WhiteElo "2133"]
[BlackElo "2235"]
[PlyCount "66"]
[EventDate "2011.10.29"]
[EventType "team-tourn"]
[EventRounds "9"]
[WhiteTeam "BMS"]
[BlackTeam "SK1968"]
[WhiteTeamCountry "DEN"]
[BlackTeamCountry "DEN"]

1. Nf3 Nf6 2. c4 c5 3. g3 d5 4. cxd5 Nxd5 5. Bg2 Nc6 6. d4 cxd4 7. Nxd4 Ndb4 8.
Nxc6 Qxd1+ 9. Kxd1 Nxc6 10. Bxc6+ bxc6 11. Nc3 e5 12. Kc2 Bc5 13. f3 e4 14.
Nxe4 Bf5 15. Bf4 O-O 16. Kc3 Bxe4 17. fxe4 Rfe8 18. e5 Bf8 19. h4 g6 20. Rad1
Bg7 21. Rd6 Rxe5 22. Kd3 Ra5 23. Rxc6 Bxb2 24. Rb1 Rxa2 25. Kc4 Bg7 26. e4 Rc2+
27. Kb5 Rxc6 28. Kxc6 a5 29. Kb7 Re8 30. Rb5 Bc3 31. Rc5 Bb4 32. Re5 Rxe5 33.
Bxe5 Be1 0-1

[Event "XtraCon-Skakligaen"]
[Site "Denmark"]
[Date "2012.01.14"]
[Round "4.8"]
[White "Sorensen, Torben Kyhl"]
[Black "Haubro, Sigfred"]
[Result "1/2-1/2"]
[WhiteElo "2237"]
[BlackElo "2109"]
[PlyCount "58"]
[EventDate "2011.10.29"]
[EventType "team-tourn"]
[EventRounds "9"]
[WhiteTeam "SK1968"]
[BlackTeam "BMS"]
[WhiteTeamCountry "DEN"]
[BlackTeamCountry "DEN"]

1. e4 d5 2. exd5 Qxd5 3. Nc3 Qa5 4. Bc4 Nf6 5. Nge2 c6 6. a3 g6 7. b4 Qd8 8.
Bb2 Bg7 9. Ne4 O-O 10. Nxf6+ exf6 11. O-O Nd7 12. Bb3 f5 13. Bxg7 Kxg7 14. d4
Nf6 15. c4 a5 16. Nf4 Qd6 17. Qd2 Rd8 18. d5 axb4 19. axb4 Rxa1 20. Rxa1 cxd5
21. Nxd5 Nxd5 22. cxd5 Qf6 23. Rc1 f4 24. Rc7 Be6 25. h3 f3 26. Qc3 Bxd5 27.
Qxf6+ Kxf6 28. Bxd5 Rxd5 29. Rxb7 fxg2 1/2-1/2

[Event "XtraCon-Skakligaen"]
[Site "Denmark"]
[Date "2012.01.14"]
[Round "4.1"]
[White "Sorensen, Jan"]
[Black "Pedersen, Nicolai Vesterbaek"]
[Result "1/2-1/2"]
[WhiteElo "2426"]
[BlackElo "2460"]
[PlyCount "42"]
[EventDate "2011.10.29"]
[EventType "team-tourn"]
[EventRounds "9"]
[WhiteTeam "Aarhus/Skolerne"]
[BlackTeam "Skanderborg"]
[WhiteTeamCountry "DEN"]
[BlackTeamCountry "DEN"]

1. e4 e5 2. Bc4 Nf6 3. d3 Nc6 4. Nc3 Na5 5. Nge2 c6 6. a4 Nxc4 7. dxc4 Be7 8.
O-O d6 9. b3 O-O 10. Ng3 Be6 11. Ba3 Re8 12. Qf3 d5 13. Bxe7 Rxe7 14. cxd5 cxd5
15. exd5 Bxd5 16. Nxd5 Qxd5 17. Qxd5 Nxd5 18. c4 Nb4 19. Rad1 g6 20. Ne4 Kg7
21. Nc3 e4 1/2-1/2

[Event "XtraCon-Skakligaen"]
[Site "Denmark"]
[Date "2012.01.14"]
[Round "4.3"]
[White "Christensen, Tobias"]
[Black "Lund, Silas"]
[Result "1-0"]
[WhiteElo "2346"]
[BlackElo "2380"]
[PlyCount "91"]
[EventDate "2011.10.29"]
[EventType "team-tourn"]
[EventRounds "9"]
[WhiteTeam "Aarhus/Skolerne"]
[BlackTeam "Skanderborg"]
[WhiteTeamCountry "DEN"]
[BlackTeamCountry "DEN"]

1. e4 c5 2. Ne2 d6 3. c4 e5 4. g3 h5 5. Nbc3 h4 6. Rg1 Nc6 7. d3 Be7 8. f3 hxg3
9. hxg3 f5 10. Nd5 fxe4 11. dxe4 Be6 12. Qa4 Nf6 13. Bd2 O-O 14. O-O-O a6 15.
Kb1 b5 16. Qc2 bxc4 17. Qxc4 Nxd5 18. exd5 Bf5+ 19. Ka1 Nd4 20. Nxd4 cxd4 21.
Bd3 Qc8 22. Qxc8 Raxc8 23. Bxa6 Rc2 24. Bb4 Bg5 25. Bxd6 Rf6 26. Be7 Rxa6 27.
Bxg5 Rb6 28. Bc1 Rc5 29. f4 Bg4 30. Rd2 Rxd5 31. fxe5 Rc6 32. b3 d3 33. Bb2 Be2
34. a4 Kf7 35. Kb1 Ke6 36. Rc1 Rb6 37. Ka2 Rd7 38. Rc3 Kf5 39. Rc5 Ke4 40. Bc3
Rdb7 41. b4 Rxb4 42. Bxb4 Rxb4 43. Ka3 Rb7 44. Ra2 Bg4 45. Rc4+ Kf3 46. Rd4 1-0

[Event "XtraCon-Skakligaen"]
[Site "Denmark"]
[Date "2012.01.14"]
[Round "4.4"]
[White "Kristensen, Leif Sogaard"]
[Black "Ochsner, Bjorn Moller"]
[Result "1-0"]
[WhiteElo "2301"]
[BlackElo "2252"]
[PlyCount "105"]
[EventDate "2011.10.29"]
[EventType "team-tourn"]
[EventRounds "9"]
[WhiteTeam "Skanderborg"]
[BlackTeam "Aarhus/Skolerne"]
[WhiteTeamCountry "DEN"]
[BlackTeamCountry "DEN"]

1. e4 c5 2. Nc3 d6 3. g3 g6 4. Bg2 Bg7 5. d3 Nc6 6. Be3 Rb8 7. Qd2 b5 8. Nge2
e6 9. O-O Nd4 10. Nd1 Nxe2+ 11. Qxe2 Ne7 12. Qd2 O-O 13. Bh6 Bb7 14. Bxg7 Kxg7
15. Re1 e5 16. c3 Qb6 17. a4 bxa4 18. Rxa4 Bc6 19. Ra2 Bd7 20. f4 Bg4 21. Ne3
Be6 22. Raa1 f6 23. f5 gxf5 24. Bh3 Qxb2 25. Qxb2 Rxb2 26. Rxa7 Rf7 27. exf5
Nc8 28. Ra6 Bd7 29. Bg2 Nb6 30. g4 Bc8 31. Raa1 Rd2 32. Be4 Bb7 33. Bxb7 Rxb7
34. Reb1 Rxd3 35. Nc4 Nxc4 36. Rxb7+ Kh6 37. h4 Rg3+ 38. Kh2 Rxg4 39. Kh3 Rg7
40. Raa7 Rxb7 41. Rxb7 Nd2 42. Rf7 Ne4 43. c4 Nf2+ 44. Kg3 Ne4+ 45. Kg4 Nd2 46.
Rxf6+ Kg7 47. Rxd6 Nxc4 48. Rc6 Ne3+ 49. Kg5 c4 50. Rc7+ Kg8 51. h5 e4 52. h6
Kf8 53. Rxh7 1-0

[Event "XtraCon-Skakligaen"]
[Site "Denmark"]
[Date "2012.01.14"]
[Round "4.6"]
[White "Lowenstein, Nicolai"]
[Black "Pedersen, Finn"]
[Result "1/2-1/2"]
[WhiteElo "2193"]
[BlackElo "2285"]
[PlyCount "112"]
[EventDate "2011.10.29"]
[EventType "team-tourn"]
[EventRounds "9"]
[WhiteTeam "Skanderborg"]
[BlackTeam "Aarhus/Skolerne"]
[WhiteTeamCountry "DEN"]
[BlackTeamCountry "DEN"]

1. Nf3 d5 2. c4 d4 3. b4 Bg4 4. Qb3 f6 5. Bb2 e5 6. d3 Bxf3 7. gxf3 Na6 8. c5
Ne7 9. Nd2 Qd5 10. Nc4 b5 11. cxb6 axb6 12. a3 b5 13. Nd2 c5 14. bxc5 Qxb3 15.
Nxb3 Nd5 16. Rc1 b4 17. Bh3 Rb8 18. a4 Nc3 19. c6 Kd8 20. Be6 Nc7 21. Bxc3 Nxe6
22. Bd2 Kc7 23. e3 Rb6 24. Ke2 Bd6 25. Rc4 Ra8 26. Ra1 dxe3 27. fxe3 Nd8 28. d4
Rxc6 29. Rac1 Kd7 30. dxe5 fxe5 31. a5 Rxc4 32. Rxc4 Nc6 33. Rh4 h6 34. Rg4 Bf8
35. Kd3 g5 36. h4 gxh4 37. Rxh4 Nxa5 38. Nxa5 Rxa5 39. Bxb4 Ra4 40. Be7 e4+ 41.
Rxe4 Rxe4 42. Kxe4 Bxe7 43. f4 Ke6 44. Kf3 h5 45. e4 Kd6 46. Kg3 Kc5 47. e5 Kd5
48. f5 Kxe5 49. f6 Bxf6 50. Kg2 Kf4 51. Kg1 Kg3 52. Kh1 Kf2 53. Kh2 Kf1 54. Kh1
h4 55. Kh2 Be7 56. Kh1 h3 1/2-1/2

[Event "XtraCon-Skakligaen"]
[Site "Denmark"]
[Date "2012.01.14"]
[Round "4.8"]
[White "Watson, Colin"]
[Black "Hagen, Kresten Skytte"]
[Result "0-1"]
[WhiteElo "1918"]
[BlackElo "2190"]
[PlyCount "54"]
[EventDate "2011.10.29"]
[EventType "team-tourn"]
[EventRounds "9"]
[WhiteTeam "Skanderborg"]
[BlackTeam "Aarhus/Skolerne"]
[WhiteTeamCountry "DEN"]
[BlackTeamCountry "DEN"]

1. Nc3 d5 2. e4 d4 3. Nce2 c5 4. Ng3 Nc6 5. Bc4 g6 6. f4 Bg7 7. d3 e6 8. Nf3
Nge7 9. O-O a6 10. c3 dxc3 11. e5 cxb2 12. Bxb2 Nf5 13. Nxf5 gxf5 14. a4 Rb8
15. Bb3 b6 16. d4 cxd4 17. Nxd4 Nxd4 18. Bxd4 Bb7 19. Qd2 O-O 20. Qe3 Be4 21.
Rfd1 Qc7 22. Rac1 Qb7 23. Rd2 Rfd8 24. Rb2 b5 25. axb5 axb5 26. Bc4 Qd7 27. Ba7
Rb7 0-1

[Event "XtraCon-Skakligaen"]
[Site "Denmark"]
[Date "2012.01.14"]
[Round "4.1"]
[White "Hagen, Andreas Skytte"]
[Black "Hillarp Persson, Tiger"]
[Result "0-1"]
[WhiteElo "2454"]
[BlackElo "2535"]
[PlyCount "96"]
[EventDate "2011.10.29"]
[EventType "team-tourn"]
[EventRounds "9"]
[WhiteTeam "K41"]
[BlackTeam "Bronshoj"]
[WhiteTeamCountry "DEN"]
[BlackTeamCountry "DEN"]

1. e4 c5 2. Nf3 d6 3. d4 cxd4 4. Nxd4 Nf6 5. Nc3 a6 6. Be3 e5 7. Nb3 Be6 8. f3
h5 9. Qd2 Nbd7 10. O-O-O Qc7 11. Kb1 Be7 12. g3 b5 13. Nd5 Nxd5 14. exd5 Bf5
15. Bd3 Bxd3 16. Qxd3 O-O 17. h3 Rfc8 18. g4 a5 19. Nd2 a4 20. Ne4 Qc4 21. Ng3
Qxd3 22. Rxd3 hxg4 23. hxg4 f6 24. Nf5 Bf8 25. Rd2 g6 26. Ng3 Bg7 27. Ne4 Ra6
28. Bh6 Bxh6 29. Rxh6 Kg7 30. Rdh2 Nf8 31. Rh8 Rc4 32. c3 b4 33. b3 axb3 34.
axb3 Rc7 35. cxb4 Rb7 36. Nxf6 Kxf6 37. Rxf8+ Kg5 38. Ra2 Rab6 39. Ra4 Rb5 40.
Rd8 Rxd5 41. Ra6 Rxb4 42. Rdxd6 Rxd6 43. Rxd6 Rxb3+ 44. Kc2 Rxf3 45. Re6 Rf6
46. Rxe5+ Kxg4 47. Kd2 g5 48. Ke1 Kh4 0-1

[Event "XtraCon-Skakligaen"]
[Site "Denmark"]
[Date "2012.01.14"]
[Round "4.2"]
[White "Bekker Jensen, Simon"]
[Black "Nilssen, John Arni"]
[Result "0-1"]
[WhiteElo "2409"]
[BlackElo "2378"]
[PlyCount "72"]
[EventDate "2011.10.29"]
[EventType "team-tourn"]
[EventRounds "9"]
[WhiteTeam "Bronshoj"]
[BlackTeam "K41"]
[WhiteTeamCountry "DEN"]
[BlackTeamCountry "DEN"]

1. d4 Nf6 2. c4 c5 3. d5 e5 4. Nc3 d6 5. e4 g6 6. Nf3 Bg7 7. g3 O-O 8. Bg2 b5
9. cxb5 a6 10. bxa6 Bxa6 11. Bf1 Qa5 12. Bxa6 Qxa6 13. Qe2 Nbd7 14. Qxa6 Rxa6
15. Ke2 Rb8 16. Nd2 Nb6 17. b3 Bh6 18. f3 Nfd7 19. Rd1 f5 20. Bb2 Nf6 21. Rab1
fxe4 22. Ndxe4 Nxe4 23. fxe4 Nd7 24. Bc1 Bxc1 25. Rbxc1 Nf6 26. Rf1 Kg7 27. Kd3
Rb4 28. Rce1 Ra8 29. Rf3 Rc8 30. Ref1 c4+ 31. bxc4 Rbxc4 32. Rxf6 Rxc3+ 33. Kd2
Rc2+ 34. Kd1 Rxa2 35. Rxd6 Rb8 36. Rd7+ Kh6 0-1

[Event "XtraCon-Skakligaen"]
[Site "Denmark"]
[Date "2012.01.14"]
[Round "4.3"]
[White "Greger, Roland Reinhard"]
[Black "Carstensen, Jacob"]
[Result "1-0"]
[WhiteElo "2380"]
[BlackElo "2372"]
[PlyCount "149"]
[EventDate "2011.10.29"]
[EventType "team-tourn"]
[EventRounds "9"]
[WhiteTeam "K41"]
[BlackTeam "Bronshoj"]
[WhiteTeamCountry "DEN"]
[BlackTeamCountry "DEN"]

1. e4 c5 2. Nf3 d6 3. d4 Nf6 4. Nc3 cxd4 5. Nxd4 a6 6. a4 e5 7. Nb3 Be7 8. Bc4
Qc7 9. Qe2 Be6 10. Bxe6 fxe6 11. f4 Nbd7 12. O-O O-O 13. f5 exf5 14. Rxf5 Qc6
15. Bg5 b5 16. axb5 axb5 17. Rxa8 Rxa8 18. Qxb5 Qxb5 19. Nxb5 Ra2 20. Nc3 Rxb2
21. Rf2 Ng4 22. Bxe7 Nxf2 23. Kxf2 Rxc2+ 24. Ne2 Kf7 25. Bxd6 Nf6 26. Kf3 Nxe4
27. Bxe5 Ra2 28. Nec1 Ng5+ 29. Kg3 Rc2 30. Nd3 h5 31. h4 Ne6 32. Ne1 Rc4 33.
Nf3 Re4 34. Nbd2 Rg4+ 35. Kf2 Ra4 36. g3 Kg8 37. Ke3 Nc5 38. Bd6 Nb7 39. Bf4
Nc5 40. Ng5 Nd7 41. Nde4 Nb6 42. Nc3 Rc4 43. Kd3 Rc6 44. Be5 Nd7 45. Bd4 Nc5+
46. Bxc5 Rxc5 47. Kd4 Ra5 48. Nd5 Ra3 49. Ne4 Kh7 50. Ke5 Ra5 51. Ng5+ Kh6 52.
Ke4 Ra4+ 53. Kf3 Ra3+ 54. Kg2 Ra2+ 55. Kh3 g6 56. Nf4 Kg7 57. Nge6+ Kh6 58. Nd4
Ra5 59. Nf3 Rb5 60. Kg2 Rb2+ 61. Kf1 Rb5 62. Ke2 Rb3 63. Kf2 Rb5 64. Ke3 Rb3+
65. Ke4 Ra3 66. Ne2 Kg7 67. Ned4 Kh6 68. Ke5 Rd3 69. Kf6 Ra3 70. Ng5 Rxg3 71.
Nde6 Rg4 72. Nf7+ Kh7 73. Neg5+ Kg8 74. Nh6+ Kh8 75. Nxg4 1-0

[Event "XtraCon-Skakligaen"]
[Site "Denmark"]
[Date "2012.01.14"]
[Round "4.4"]
[White "Pilgaard, Kim"]
[Black "Nilsson, Sebastian"]
[Result "1-0"]
[WhiteElo "2424"]
[BlackElo "2362"]
[PlyCount "47"]
[EventDate "2011.10.29"]
[EventType "team-tourn"]
[EventRounds "9"]
[WhiteTeam "Bronshoj"]
[BlackTeam "K41"]
[WhiteTeamCountry "DEN"]
[BlackTeamCountry "DEN"]

1. e4 c5 2. Nf3 d6 3. d4 cxd4 4. Nxd4 Nf6 5. Nc3 g6 6. Be3 Bg7 7. Be2 O-O 8.
O-O Nc6 9. f3 d5 10. Nxc6 bxc6 11. e5 Nd7 12. f4 e6 13. Na4 Qa5 14. c4 Ba6 15.
b3 Rfd8 16. Qc2 Bf8 17. Kh1 Nb6 18. Nb2 Bc5 19. a3 Bxa3 20. Bc1 Qc5 21. Na4
Nxa4 22. Bxa3 Qe3 23. bxa4 dxc4 24. Bd6 1-0

[Event "XtraCon-Skakligaen"]
[Site "Denmark"]
[Date "2012.01.14"]
[Round "4.5"]
[White "Schmidt, Kristen"]
[Black "Hoi, Carsten"]
[Result "1/2-1/2"]
[WhiteElo "2303"]
[BlackElo "2372"]
[PlyCount "90"]
[EventDate "2011.10.29"]
[EventType "team-tourn"]
[EventRounds "9"]
[WhiteTeam "K41"]
[BlackTeam "Bronshoj"]
[WhiteTeamCountry "DEN"]
[BlackTeamCountry "DEN"]

1. e4 g6 2. d4 Bg7 3. Nc3 c6 4. Nf3 d6 5. a4 Nf6 6. h3 O-O 7. Be3 Nbd7 8. Be2
e5 9. dxe5 dxe5 10. Qd6 Re8 11. Bc4 Qe7 12. Qxe7 Rxe7 13. O-O-O h6 14. g4 Nf8
15. Rd8 Re8 16. Rhd1 Ne6 17. Bxe6 Bxe6 18. Rxa8 Rxa8 19. Nxe5 h5 20. Rg1 hxg4
21. Nxg4 Nd7 22. f4 f5 23. Nf2 Kf7 24. e5 Bh6 25. h4 Nxe5 26. Nh3 Ng4 27. Bd4
b6 28. Nd1 c5 29. Bc3 Bd5 30. Ng5+ Kf8 31. Re1 Re8 32. Nh7+ Kf7 33. Ng5+ Bxg5
34. hxg5 Bf3 35. Rf1 Bg2 36. Re1 Bf3 37. Rf1 Bc6 38. b3 Re2 39. Re1 Rh2 40. Ne3
Nxe3 41. Rxe3 Be4 42. Bd2 Ke6 43. a5 Kd5 44. axb6 axb6 45. Rc3 Rh1+ 1/2-1/2

[Event "XtraCon-Skakligaen"]
[Site "Denmark"]
[Date "2012.01.14"]
[Round "4.6"]
[White "Aabling Thomsen, Jakob"]
[Black "Christensen, Bo Garner"]
[Result "1/2-1/2"]
[WhiteElo "2324"]
[BlackElo "2277"]
[PlyCount "115"]
[EventDate "2011.10.29"]
[EventType "team-tourn"]
[EventRounds "9"]
[WhiteTeam "Bronshoj"]
[BlackTeam "K41"]
[WhiteTeamCountry "DEN"]
[BlackTeamCountry "DEN"]

1. e4 e5 2. Nf3 Nc6 3. Bc4 Nf6 4. d3 Be7 5. c3 O-O 6. Bb3 d5 7. Qe2 Bg4 8. h3
Bh5 9. Nbd2 a5 10. a4 Ra6 11. Nf1 Rb6 12. Bc2 dxe4 13. dxe4 Nd7 14. Ng3 Bxf3
15. Qxf3 Bg5 16. b3 Bxc1 17. Rxc1 Nc5 18. Rb1 Qg5 19. h4 Qg6 20. O-O Qe6 21.
Rfd1 g6 22. Rd5 Nd7 23. Bd3 Ne7 24. Rb5 Rxb5 25. Bxb5 Nb6 26. b4 Nc4 27. Bxc4
Qxc4 28. Qf6 Qd3 29. Rf1 Nc6 30. b5 Qd8 31. Qf3 Nb8 32. h5 Nd7 33. Rd1 Qe7 34.
Qg4 Nc5 35. Rd5 Nxa4 36. hxg6 fxg6 37. Rd7 Qf6 38. Qe2 Rf7 39. Rxf7 Qxf7 40.
Qd2 h5 41. Qg5 Qg7 42. f4 exf4 43. Ne2 Kh7 44. Nxf4 Nxc3 45. Ne6 Nxe4 46. Qf4
Qa1+ 47. Kh2 Nd6 48. b6 cxb6 49. Ng5+ Kg7 50. Ne6+ Kh7 51. Ng5+ Kg7 52. Qxd6
Qf6 53. Qc7+ Kh6 54. Nf7+ Kg7 55. Nd6+ Kh6 56. Nf7+ Kg7 57. Ng5+ Kh6 58. Nf7+
1/2-1/2

[Event "XtraCon-Skakligaen"]
[Site "Denmark"]
[Date "2012.01.14"]
[Round "4.8"]
[White "Nielsen, Steffen"]
[Black "Andreasen, Joan Hendrik"]
[Result "1/2-1/2"]
[WhiteElo "2190"]
[BlackElo "2256"]
[PlyCount "90"]
[EventDate "2011.10.29"]
[EventType "team-tourn"]
[EventRounds "9"]
[WhiteTeam "Bronshoj"]
[BlackTeam "K41"]
[WhiteTeamCountry "DEN"]
[BlackTeamCountry "DEN"]

1. e4 e6 2. Qe2 Nc6 3. Nf3 e5 4. g3 Bc5 5. Bg2 d6 6. c3 Bg4 7. a4 a6 8. Na3 Qd7
9. h3 Be6 10. b4 Ba7 11. Rb1 f6 12. b5 axb5 13. axb5 Na5 14. d4 Ne7 15. d5 Bf7
16. h4 O-O 17. Bh3 Qe8 18. O-O Kh8 19. Nc2 f5 20. exf5 Nxd5 21. Bd2 Bc5 22. Ng5
Ne7 23. Ne3 Nb3 24. Rb2 Nxd2 25. Qxd2 Ra3 26. Bg2 b6 27. Qd3 Bg8 28. Ne6 Bxe6
29. fxe6 Ng6 30. Qc4 Ne7 31. Nc2 Ra5 32. Ne3 Qg6 33. Be4 Qh5 34. Kg2 h6 35. Ra2
Bxe3 36. fxe3 Rxf1 37. Rxa5 bxa5 38. Qxf1 Kg8 39. Qc4 d5 40. Bxd5 Nxd5 41. Qxd5
Qe2+ 42. Kh3 Qf1+ 43. Kh2 Qf2+ 44. Kh1 Qf1+ 45. Kh2 Qf2+ 1/2-1/2

[Event "XtraCon-Skakligaen"]
[Site "Denmark"]
[Date "2012.01.14"]
[Round "4.1"]
[White "Hector, Jonny"]
[Black "Brunello, Sabino"]
[Result "0-1"]
[WhiteElo "2575"]
[BlackElo "2569"]
[PlyCount "100"]
[EventDate "2011.10.29"]
[EventType "team-tourn"]
[EventRounds "9"]
[WhiteTeam "Nordkalotten"]
[BlackTeam "Sydostfyn"]
[WhiteTeamCountry "DEN"]
[BlackTeamCountry "DEN"]

1. d4 d5 2. Nc3 Nf6 3. Bg5 c5 4. Bxf6 gxf6 5. e3 Nc6 6. Qh5 cxd4 7. exd4 e6 8.
Nf3 Bd7 9. Bd3 Nb4 10. Rd1 Nxd3+ 11. Rxd3 Bb4 12. O-O Bxc3 13. Rxc3 Rc8 14.
Rxc8 Qxc8 15. c3 Bb5 16. Re1 Qd7 17. Re3 h6 18. Qg4 Kf8 19. Qf4 Qd8 20. Ne1 Kg7
21. Rg3+ Kh7 22. Nc2 f5 23. Ne1 Qb8 24. Qh4 Qd8 25. Qh5 Qf6 26. Nf3 Rg8 27. Ne5
Rxg3 28. hxg3 Kg7 29. f4 Qe7 30. g4 Be2 31. Kf2 Bxg4 32. Nxg4 fxg4 33. Qxg4+
Kh7 34. Ke3 Qf6 35. b3 b5 36. Qh5 Qg6 37. Qxg6+ Kxg6 38. Kf3 Kf5 39. g4+ Kg6
40. Kg3 f5 41. Kh4 fxg4 42. Kxg4 a6 43. b4 h5+ 44. Kh4 Kf5 45. Kxh5 Kxf4 46.
Kg6 e5 47. dxe5 Kxe5 48. Kf7 d4 49. cxd4+ Kxd4 50. Ke6 Kc3 0-1

[Event "XtraCon-Skakligaen"]
[Site "Denmark"]
[Date "2012.01.14"]
[Round "4.3"]
[White "Pedersen, Daniel V"]
[Black "Aagaard, Jacob"]
[Result "1/2-1/2"]
[WhiteElo "2283"]
[BlackElo "2522"]
[PlyCount "36"]
[EventDate "2011.10.29"]
[EventType "team-tourn"]
[EventRounds "9"]
[WhiteTeam "Nordkalotten"]
[BlackTeam "Sydostfyn"]
[WhiteTeamCountry "DEN"]
[BlackTeamCountry "DEN"]

1. e4 d6 2. d4 g6 3. Nc3 Bg7 4. Be3 a6 5. f4 b5 6. Nf3 Nd7 7. Bd3 Bb7 8. e5 Nb6
9. Qe2 Qd7 10. O-O-O Nh6 11. Be4 d5 12. Bd3 Nf5 13. Bf2 h5 14. Nb1 e6 15. Nbd2
Bh6 16. g3 c5 17. dxc5 Na4 18. Nb3 Bf8 1/2-1/2